000 00647nam a2200229 a 4500
005 20140310183449.0
008 090116s19uu xx 00 eng d
020 _a9780071265850
050 _aHD 58.7
_b.Iv89 2008
100 _aIvancevich, John M.
245 _aOrganizational behavior and management /
_cJohn M. Ivancevich
250 _a8th ed.
260 _aBoston :
_bMcGraw-Hill,
_c2008.
300 _a606 p. :
_bill. (some col.) ;
_c24 cm.
521 _aBSBA
650 _aBSBA.
650 _aOrganizational behavior.
700 _aKonopaske, Robert
700 _aMetteson, Michael T.
942 _cBK
_2lcc
_kFOR
999 _c23356
_d23356